| 000 | 004640000a22001810004500 | ||
|---|---|---|---|
| 003 | LK-CoMWRAF | ||
| 008 | 230817t ||||| |||| 00| 0 eng d | ||
| 040 |
_aLK-CoMWRAF _dLK-CoMWRAF _eLK-CoMWRAF |
||
| 041 | _aeng | ||
| 082 |
_a335 _bBYR |
||
| 100 | _aByrne, Bridget | ||
| 245 |
_aGender, conflict and development _bvol. 1: overview |
||
| 260 |
_aBrighton _bIDS _c1996 |
||
| 300 | _ap.61 | ||
| 490 | _aBridge no.34 | ||
| 650 | _aWOMEN & DEVELOPMENT | ||
| 942 | _cBK | ||
| 999 |
_c2136 _d2136 |
||